| 000 | 00000nam##2200000za#4500 |
| 001 | 9.642112 |
| 003 | CaOODSP |
| 005 | 20210624223539 |
| 007 | cr ||||||||||| |
| 008 | 150407|1998||||xxc|||||o f|0| 0 fre|d |
| 040 | |aCaOODSP|bfre |
| 043 | |an-cn--- |
| 086 | 1 |aRH64-63/1998F-PDF |
| 110 | 1 |aCanada.|bDéveloppement des ressources humaines Canada. |bPolitique stratégique. |
| 245 | 10|aInitiatives stratégiques - évaluation sommative des Centres de ressources objectifEmploi de l'Ontario / |h[ressource électronique]|c[par] Évaluation et développement des données, Politique stratégique, Développement des ressources humaines Canada et Ministère des Services sociaux de l'Ontario. |
| 260 | |aOttawa - Ontario : |bDéveloppement des ressources humaines Canada. |cMars 1998. |
| 300 | |a88p.|bfigures, organigramme, tableaux |
| 590 | |a13-16-Supp|b2013-07-12 |
| 691 | 07|aCentre d'emploi|2gcpds |
| 775 | 08|tStrategic initiatives - summative evaluation of Ontario jobLink resource centres : |w(CaOODSP)9.698119 |
| 856 | 40|ahttp://publications.gc.ca|qPDF|s228 Ko|uhttps://publications.gc.ca/collections/collection_2013/rhdcc-hrsdc/RH64-63-1998-fra.pdf |
| 986 | |aSP-AH080-03-98F |